| 000 | 00753nam a22002297a 4500 | ||
|---|---|---|---|
| 005 | 20150618114309.0 | ||
| 008 | 150507b xxu||||| |||| 00| 0 eng d | ||
| 010 | _aENG-112917 | ||
| 020 |
_a9788175349971 _c995.00 |
||
| 035 | _aEN-96449 | ||
| 037 | _bDBAD/PUB | ||
| 040 |
_adpl _bEnglish |
||
| 082 | _a343.540775 | ||
| 100 | _aBasu Majumdar, P.K. | ||
| 245 |
_aLaw of mines and minerals / _cby P.K. Basu Majumdar ; foreworded by Som Mandal |
||
| 260 |
_aNew Delhi _bUniversal Law Publishing _c2011 |
||
| 270 |
_aC-FF-1A, Dilkhush Industrial Estate, G.T. Karnal Road, _bNew Delhi _e110033 |
||
| 300 |
_axvi,879p. _c25cm(Hb) |
||
| 500 | _aIncludes index | ||
| 700 | _aMandal, Som | ||
| 942 |
_2ddc _cEN _mBAS _h343.540775 |
||
| 999 |
_c93387 _d93387 |
||